000 00910nam a2200253Ia 4500
003 OSt
005 20221005112503.0
006 a|||||r|||| 00| 0
007 ta
008 221004b |||||||| |||| 00| 0 pan d
020 _a9789350178805 (hbk)
_c125
024 _a13958
037 _b883, 08/09/2014, H.K. Prakashan
_cTextual
040 _aCRL
_cCRL
_bpan
041 _2pan
_apan
082 _aO153,1(Delta73):g, Q2
100 _aਚਿੱਤਰਕਾਰ, ਜਗਦੀਪ
245 0 _aਪੰਜਾਬ ਦੇ ਪ੍ਰਸਿੱਧ ਸੂਖ਼ੀ
260 _aਚੰਡੀਗੜ
_bਲੋਕਗੀਤ ਪ੍ਰਕਾFਨ ਭਾਰਤ
_c2012
300 _a103ਪੰ
_ccm.
650 _aਪੰਜਾਬੀ ਸਾਹਿਤ
942 _hO153,1(Delta73):g, Q2
_cTEXL
_2cc
999 _c1025026
_d1025026